Quasi-crystalloid biopolymer organization from the sclereids oiArmeniaca vulgaris LAM. short communication /

Elmentve itt :
Bibliográfiai részletek
Szerzők: Kedves Miklós
Rojik Imre
Dokumentumtípus: Cikk
Megjelent: 1991
Sorozat:Plant cell biology and development 2
Kulcsszavak:Kajszibarack, Biopolimer szerkezetek - sejtbiológia - növényi
Tárgyszavak:
Online Access:http://acta.bibl.u-szeged.hu/47773
LEADER 00830nab a2200217 i 4500
001 acta47773
005 20260121125639.0
008 170713s1991 hu o 000 eng d
022 |a 0866-5443 
040 |a SZTE Egyetemi Kiadványok Repozitórium  |b hun 
041 |a eng 
100 1 |a Kedves Miklós 
245 1 0 |a Quasi-crystalloid biopolymer organization from the sclereids oiArmeniaca vulgaris LAM.   |h [elektronikus dokumentum] :  |b short communication /  |c  Kedves Miklós 
260 |c 1991 
300 |a 59-62 
490 0 |a Plant cell biology and development  |v 2 
650 4 |a Természettudományok 
650 4 |a Biológiai tudományok 
695 |a Kajszibarack, Biopolimer szerkezetek - sejtbiológia - növényi 
700 0 1 |a Rojik Imre  |e aut 
856 4 0 |u http://acta.bibl.u-szeged.hu/47773/1/plant_cell_002_059-062.pdf  |z Dokumentum-elérés